| 000 | 01341nam a22002417a 4500 | ||
|---|---|---|---|
| 999 |
_c64168 _d64168 |
||
| 003 | Ge_BSU | ||
| 005 | 20260424103629.0 | ||
| 008 | 260424s1996 ge ||||| |||| 00| 0 geo d | ||
| 020 | _a5511006831 | ||
| 041 | _ageo | ||
| 080 | _a339.13(042.4) ლ-59 | ||
| 100 |
_aლივშიცი, ა.ი. _927364 |
||
| 245 |
_aსაბაზრო ეკონომიკის შესავალი : _bლექციების კურსი / _c [მთარგმნ.: თენგიზ დემეტრაშვილი, გივი გოშაძე, პავლე ბერიძე; მთ. რედ.: როზეტა ასათიანი]. |
||
| 264 |
_aთბ. : _b თბილ. უნ-ტის გამ-ბა, _c1996. |
||
| 300 |
_a340 გვ. ; _b20 სმ. |
||
| 500 | _a პარალ. თავფ. რუს. ენ. | ||
| 653 | _aსაბაზრო ეკონომიკა | ||
| 700 |
_aდემეტრაშვილი, თენგიზ _eმთარგმნელი _9899 |
||
| 700 |
_aგოშაძე, გივი _eმთარგმნელი _9864 |
||
| 700 |
_aბერიძე, პავლე _eმთარგმნელი _927365 |
||
| 700 |
_aასათიანი, როზეტა _eრედაქტორი _927366 |
||
| 942 |
_2udc _cᲬᲘᲒᲜᲘ |
||